| 000 | 00969nam a2200289 u 4500 | ||
|---|---|---|---|
| 001 | 000002206 | ||
| 003 | DO-SdBNP | ||
| 005 | 20171013113101.0 | ||
| 007 | 000002206 | ||
| 008 | 090701s2007 dr a r 000 0 spa d | ||
| 020 | _a9789945408126 | ||
| 040 |
_aBPMSU _bspa _cBPMSU |
||
| 082 | 4 |
_2 _a972.9362 _bC958m |
|
| 100 | 1 | _aCruz Infante, José Abigaíl | |
| 245 | 1 | 0 |
_aMoca en su tiempo / _bJosé Abigaíl Cruz Infante. |
| 260 |
_aSanto Domingo : _bLetra Gráfica, _c2007. |
||
| 300 |
_a199 p : _bil ; _c23cm. |
||
| 500 | _aContiene datos biográficos del autor en la solapa | ||
| 650 | 4 |
_aCIUDADES Y PUEBLOS _zREPÚBLICA DOMINICANA |
|
| 651 | 4 |
_aMOCA (REPÚBLICA DOMINICANA) _xHISTORIA LOCAL |
|
| 651 | 4 |
_aMOCA (REPÚBLICA DOMINICANA) _xVIDA SOCIAL Y CONSTUMBRES |
|
| 700 | 1 |
_aBencosme Báez, Darío _eed. |
|
| 910 | _aValidado. Control de calidad BNPHU | ||
| 942 |
_2ddc _cBK |
||
| 945 | _aInventario / 2017 VM | ||
| 956 |
_aVMATEO _b10 _c20150803 _lBPMSU _h00151 |
||
| 999 |
_c8059 _d8059 |
||